000 00559nam a22001817a 4500
005 20251108175559.0
008 250721s2013 xx 000 0 ara d
082 1 4 _a959.04924/فور
100 1 _aفورد، هنري
245 1 0 _aاليهودي العالمي المشكلة العالمية الاولى /
264 1 _aالقاهرة :
_bمكتبة ابن سينا،
_c2013.
300 _a656ص.
650 1 7 _aاليهودية
700 1 _aفورد، هنري
700 1 _aمؤمن، أكرم
_eمترجم
942 _2ddc
_cBK
999 _c137474
_d137474